1616 1849 1435 1939 1243 1916 1779 1259 1868 1936 1009 1767 1018 1308 1608 1255 1580 1337 1195 1115 1986 1162 1820 1623 1371 2000 1676 1261 1581 1601 1939 1412 1961 1532 1023 1594 1679 1774 1177 1184 1956 1928 1951 1327 1759 1719 1784 1215 1879 1900 1394 1912 1248 1571 1081 1974 1940 1670 1090 1420 1924 1546 1270 1451 1509 1051 1844 1976 1648 1517 1302 1768 1391 1131 1434 1330 1691 1065 1638 1110 1868 1049 1125 1803 1572 1504 1811 1115 1709 1683 1798 1500 1890 1450 1081 1674 1723 1660 1749 BCNSPRNW ULIB Ver.6.0+V

เปลี่ยนเป็นภาษาไทย

Change to English
 แสดงรายละเอียดบรรณานุกรม
  กลับหน้าหลัก

Brief Record : Get Marc (ISO 2709) : E-mail record : QR code < ปิดหน้าต่าง
LEADER : 00000nam 2200000uu 4500
001    13399111975
003     ULIB
008    110713s2553||||th 000 0 tha d
020    9746429256 (ล.1)
060  0 WA308^bบ261ป ล.1
110 1  มหาวิทยาลัยสุโขทัยธรรมาธิราช.^bบัณฑิตศึกษา สาขาวิชาวิทยาศาสตร์สุขภาพ
245 0  ประมวลสาระชุดวิชาสถิติและระเบียบวิธีวิจัยในงานสาธารณสุข หน่วยที่1-5 = ^bStatistics and research methods in public health / ^cบัณฑิตศึกษา สาขาวิชาวิทยาศาสตร์สุขภาพ มหาวิทยาลัยสุโขทัยธรรมาธิราช.
246 3  ชุดวิชาสถิติและระเบียบวิธีวิจัยในงานสาธารณสุข
246 3  สถิติและระเบียบวิธีวิจัยในงานสาธารณสุข
246 3  Statistics and research methods in public health
250    พิมพ์ครั้งที่ 6.
260    นนทบุรี : ^bโรงพิมพ์มหาวิทยาลัยสุโขทัยธรรมาธิราช, ^c2553.
300    3 เล่ม : ^bภาพประกอบ ; ^c29 ซม.
650    สาธารณสุข ^xวิจัย.
650    สาธารณสุข ^xระเบียบวิธีทางสถิติ.
945    ^p0^l0^i18413
995    กัณชพร
999    ^aใช้งานได้ทุกระบบ
รายการนี้ยังไม่มีแท็ก
คุณยังไม่ได้ล็อกอิน คุณสามารถมีกิจกรรมร่วมกับเว็บไซต์ได้ แต่ต้องล็อกอินก่อน ::
  ล็อกอิน

รายการสื่อสารสนเทศ

ลำดับที่ ประเภท เลขเรียก/บาร์โค้ด สถานที่ สถานะ
1. วิทยาศาสตร์การแพทย์ และสุขภาพ
วิทยาศาสตร์การแพทย์ และสุขภาพ
WA308 บ261ป ล.1  
  Barcode: 18413
ห้องสมุดวิทยาเขตนครสวรรค์
►ส่วนจัดเก็บหนังสือเก่า นว.
บนชั้น
  ขอยืม

BibComment


ยังไม่เคยถูกคอมเมนท์

คอมเมนท์ทรัพยากรรายการนี้
  คอมเมนท์: ประมวลสาระชุดวิชา..


 Copyright 2026. Bcnsprnw @Library